Diálogos
Uloženo v:
| Hlavní autor: | |
|---|---|
| Médium: | Kniha |
| Jazyk: | španělština |
| Vydáno: |
Madrid
Gredos
1983
|
| Edice: | Biblioteca Clásica Gredos, 61
|
| Témata: | |
| Tagy: |
Přidat tag
Žádné tagy, Buďte první, kdo vytvoří štítek k tomuto záznamu!
|
MARC
| LEADER | 00000nam a2200000 a 4500 | ||
|---|---|---|---|
| 001 | UCO4514 | ||
| 003 | CL-VaPUC | ||
| 008 | 000804e19830000SP |||||||||||||||||spa|d | ||
| 082 | 0 | 4 | |a 184 |b PLA |2 21 |
| 100 | 0 | |a Platón |e author |9 222 | |
| 245 | 1 | 0 | |a Diálogos |
| 300 | |a v | ||
| 942 | |c BK | ||
| 945 | |d 20000804 00:00:00 |a crobeson | ||
| 260 | |a Madrid |b Gredos |c 1983 | ||
| 500 | |a v.2: Gorgias, Menéxeno, Eutidemo, Menón, Crátilo | ||
| 650 | 0 | |a Platonismo |9 265673 | |
| 650 | 0 | |a Diálogos |9 257026 | |
| 650 | 0 | |a Filosofía griega |9 265579 | |
| 650 | 0 | |a Filosofía antigua |9 255705 | |
| 583 | |a last modification |c 20000804 00:00:00 |k Rodrigo Vera | ||
| 490 | 0 | |a Biblioteca Clásica Gredos, 61 | |
| 999 | |c 290547 |d 290545 | ||
| 952 | |0 0 |1 0 |4 0 |6 184_000000000000000_PLA_1983 |7 0 |8 A |9 340052 |a BIBART |b BIBART |d 2019-11-20 |h v.2 |i 1213687 |o 184 PLA 1983 |p 1213687 |r 2025-03-13 |w 2019-11-20 |y BK |k ART | ||